000 00684nam a2200265Ia 4500
005 20260121165827.0
008 008 260114s9999 xx 000 0 eng d
020 _a9783319399317
037 _aEBOOK
040 _aCRL
040 _beng
040 _cCRL
041 _2eng
041 _aeng
084 _qCRL
100 _aKevin S. Xu, David Reitter, Dongwon Lee, Nathaniel Osgood
_91056527
245 0 _aSocial, Cultural, and Behavioral Modeling
260 _bSpringer
260 _bSpringer
260 _c2016
856 _uhttps://link.springer.com/openurl?genre=book&isbn=978-3-319-39931-7
942 _cEBOOK
999 _c1622255
_d1622255